[Event "Liga Insular Gran Canaria 3a"]
[Site "Las Palmas"]
[Date "2019.03.09"]
[Round "2.2"]
[White "Nuez Vostokov, Maria"]
[Black "Acosta Quintana, Maximino"]
[Result "1/2-1/2"]
[WhiteElo "1514"]
[BlackElo "1608"]
[PlyCount "96"]
[EventDate "2019.03.02"]
[EventType "team-tourn"]
[EventRounds "9"]
[EventCountry "ESP"]
[SourceTitle "EXT 2021"]
[Source "ChessBase"]
[SourceDate "2020.10.23"]
[SourceVersion "1"]
[SourceVersionDate "2020.10.23"]
[SourceQuality "1"]
[WhiteTeam "Guia Univac III"]
[BlackTeam "Aguas de Teror"]
[WhiteTeamCountry "ESP"]
[BlackTeamCountry "ESP"]

1. e4 c6 2. d4 d5 3. Nc3 dxe4 4. Nxe4 Bf5 5. Nc3 Nf6 6. Nf3 e6 7. Bf4 Bb4 8. Bc4 Nd5 9. Bd2 Nxc3 10. Bxc3 Bxc3+ 11. bxc3 Nd7 12. 0-0 0-0 13. Re1 Nf6 14. Be2 Qa5 15. c4 Rfd8 16. Bd3 Bg4 17. Be2 Ne4 18. h3 Nc3 19. Qd2 Nxe2+ 20. Rxe2 Qxd2 21. Rxd2 Bxf3 22. gxf3 c5 23. d5 Rd6 24. Rad1 Rad8 25. Kf1 Kf8 26. Ke2 Ke7 27. dxe6 Rxd2+ 28. Rxd2 Rxd2+ 29. Kxd2 Kxe6 30. Ke3 Ke5 31. f4+ Kf5 32. Kf3 f6 33. a3 h5 34. a4 b6 35. Ke3 g5 36. fxg5 fxg5 37. Kf3 Ke5 38. c3 a6 39. Ke3 g4 40. hxg4 hxg4 41. f3 g3 42. f4+ Kf5 43. Kf3 g2 44. Kxg2 Kxf4 45. Kf2 Ke4 46. Ke2 a5 47. Kd2 Kf3 48. Kd3 Kf2 1/2-1/2

[Event "Las Palmas Insular-chT Segunda-A 1617"]
[Site "Las Palmas"]
[Date "2016.10.29"]
[Round "2.3"]
[White "Nuez Vostokov, Maria"]
[Black "Acosta Santana, Yonay Jesus"]
[Result "0-1"]
[WhiteElo "1372"]
[BlackElo "1553"]
[PlyCount "120"]
[EventDate "2016.10.22"]
[EventType "team-tourn"]
[EventRounds "14"]
[EventCountry "ESP"]
[SourceTitle "EXT 2018"]
[Source "ChessBase"]
[SourceDate "2017.10.13"]
[SourceVersion "1"]
[SourceVersionDate "2017.10.13"]
[SourceQuality "1"]
[WhiteTeam "Guia Univac III"]
[BlackTeam "Villa de Teror IV"]
[WhiteTeamCountry "ESP"]
[BlackTeamCountry "ESP"]

1. e4 e6 2. d4 d5 3. e5 c5 4. Nf3 Nc6 5. c3 Qb6 6. a3 Nge7 7. dxc5 Qxc5 8. Be3 Qa5 9. b4 Qc7 10. Bb5 Bd7 11. Bxc6 Bxc6 12. 0-0 Ng6 13. Bd4 a5 14. Nbd2 Bb5 15. Re1 Be7 16. Nb3 a4 17. Nbd2 Nf4 18. Nb1 Nd3 19. Re3 Nb2 20. Qc2 Nc4 21. Re1 0-0-0 22. Nbd2 Bc6 23. Nxc4 dxc4 24. Qe2 b5 25. Qe3 Qb7 26. Rad1 Bxf3 27. Qxf3 Qxf3 28. gxf3 Kc7 29. Re2 Rd7 30. Red2 Rd5 31. f4 Rhd8 32. Kf1 g5 33. Be3 gxf4 34. Bxf4 Rxd2 35. Rxd2 Rxd2 36. Bxd2 f6 37. exf6 Bxf6 38. Ke2 Kd6 39. Ke3 Kd5 40. f4 Bd8 41. Kf3 Bf6 42. h3 h5 43. Be1 e5 44. fxe5 Bxe5 45. Bd2 Bg7 46. Ke3 Bh6+ 47. Ke2 Bxd2 48. Kxd2 Ke4 49. Ke2 h4 50. Kd2 Kf3 51. Ke1 Ke3 52. Kd1 Kd3 53. Kc1 Kxc3 54. Kb1 Kb3 55. Kc1 Kxa3 56. Kc2 Kxb4 57. Kb2 c3+ 58. Kc2 Kc4 59. Kc1 Kd3 60. Kd1 a3 0-1

[Event "Las Palmas School U14 6th"]
[Site "Las Palmas"]
[Date "2015.11.05"]
[Round "5.2"]
[White "Nuez Vostokov, Maria"]
[Black "Perez Guerra, Raul"]
[Result "0-1"]
[WhiteElo "1392"]
[BlackElo "1627"]
[PlyCount "46"]
[EventDate "2015.10.29"]
[EventType "swiss"]
[EventRounds "5"]
[EventCountry "ESP"]
[SourceTitle "EXT 2024"]
[Source "ChessBase"]
[SourceDate "2023.10.10"]
[SourceVersion "1"]
[SourceVersionDate "2023.10.10"]
[SourceQuality "1"]

1. e4 e6 2. d4 d5 3. f3 Nf6 4. Nc3 Be7 5. Bd3 0-0 6. Nge2 c5 7. b3 cxd4 8. Nxd4 e5 9. Nf5 Bb4 10. Bd2 d4 11. Ne2 Bxd2+ 12. Qxd2 Nc6 13. 0-0 Be6 14. Rac1 Qb6 15. Kh1 Rfd8 16. c3 dxc3 17. Qxc3 Rac8 18. Rfd1 g6 19. Nfg3 Nb4 20. Qxe5 Nxd3 21. Qa1 Nf2+ 22. Kg1 Nh3+ 23. Kh1 Qg1+ 0-1

[Event "Gran Canaria-ch U10 Girls"]
[Site "Gran Canaria"]
[Date "2013.03.10"]
[Round "7.3"]
[White "Serrano Delgado, Laura"]
[Black "Nuez Vostokov, Maria"]
[Result "1-0"]
[WhiteElo "1229"]
[BlackElo "1200"]
[PlyCount "23"]
[EventDate "2013.03.08"]
[EventType "swiss"]
[EventRounds "7"]
[EventCountry "ESP"]
[SourceTitle "EXT 2024"]
[Source "ChessBase"]
[SourceDate "2023.10.10"]
[SourceVersion "1"]
[SourceVersionDate "2023.10.10"]
[SourceQuality "1"]

1. e4 e5 2. Nf3 Nf6 3. Nxe5 Nxe4 4. Bc4 Qf6 5. Bxf7+ Kd8 6. 0-0 Qxe5 7. d3 Ng5 8. Bxg5+ Qxg5 9. Qe2 Bd6 10. Re1 Qh4 11. Qe8+ Rxe8 12. Rxe8# 1-0

[Event "Gran Canaria-ch U10 Girls"]
[Site "Gran Canaria"]
[Date "2013.03.09"]
[Round "6.3"]
[White "Nuez Vostokov, Maria"]
[Black "Hernandez Guerra, Luna Yue"]
[Result "0-1"]
[WhiteElo "1200"]
[BlackElo "1207"]
[PlyCount "80"]
[EventDate "2013.03.08"]
[EventType "swiss"]
[EventRounds "7"]
[EventCountry "ESP"]
[SourceTitle "EXT 2024"]
[Source "ChessBase"]
[SourceDate "2023.10.10"]
[SourceVersion "1"]
[SourceVersionDate "2023.10.10"]
[SourceQuality "1"]

1. e4 e5 2. Nf3 Nc6 3. Bc4 Nf6 4. d3 Bc5 5. Be3 Bb6 6. 0-0 0-0 7. Nc3 d6 8. Bxb6 axb6 9. d4 Bg4 10. dxe5 dxe5 11. Qxd8 Raxd8 12. Ng5 Rd2 13. Bxf7+ Rxf7 14. Nxf7 Kxf7 15. Nb5 Be2 16. Rfe1 Bxb5 17. Re3 Ng4 18. Rf3+ Nf6 19. Rb3 Nd4 20. Ra3 Nxc2 21. Rc1 Nxa3 22. bxa3 Rxa2 23. Rxc7+ Nd7 24. h3 Ra1+ 25. Kh2 Rxa3 26. Rxb7 Ke6 27. g3 Bc6 28. Rc7 Bxe4 29. Rc4 Kd5 30. Rc7 Nc5 31. Rxg7 b5 32. Rg8 b4 33. Rb8 b3 34. Rd8+ Kc4 35. Rd2 Ra2 36. Rd6 Rxf2+ 37. Kg1 Rg2+ 38. Kf1 b2 39. Rd1 b1Q 40. Rxb1 Bxb1 0-1